00423nam a22001577a 450000500170000001000150001702000260003203500140005803700130007208200100008510000200009524500510011526000360016627000420020230000210024420180614114108.0 aENG-123219 a9789385485022c300.00 aEN-106751 bDBAD/PUB a211.6 aElst, Koenraad  aThe problem with secularism/cby Koenraad Elst aNew DelhibVoice Of Indiac2007 a2/18, Ansari Road,bNew Delhie110002 a222p.c21cm(pbk)